00650nam a22001817a 450000500170000000800410001704100080005808200230006610000250008924500320011426000520014630000090019850000250020750000150023294200070024799900190025495201950027320250416105834.0250416b |||||||| |||| 00| 0 eng d amar a891.46bGOW B22555 aGowilkar V M9211915 aBharatiya Arthavyavstha @75 aPunebBharatiya Vichar Sadhana Prakashan c2022 a127p aMarathi Literature  aLiterature cBK c365928d365928 00102ddc4070aHIMRbHIMRd2025-03-17eBharatiya Vichar Sadhana Foundation g150.00iHO/IN/579l0o891.46 GOW B22555pHIMR-BK-22555r2025-04-16 00:00:00t30v105.00w2025-03-11yBKzB22555